[Event "OBEM 2015"]
[Site "Germany , Bremen"]
[Date "2015.04.03"]
[Round "8.44"]
[White "Buecker, Niklas"]
[Black "Zijlstra, Berend"]
[Result "1/2-1/2"]
[WhiteElo "921"]
[BlackElo "1319"]
[PlyCount "122"]
[EventDate "2015.??.??"]

1. d4 d5 2. Bf4 Nf6 3. Nc3 e6 4. f3 Bd6 5. Qd2 h6 6. O-O-O c6 7. Nh3 Qc7 8. e4
dxe4 9. fxe4 Nh5 10. e5 Be7 11. Be3 g5 12. g4 Ng7 13. Nf2 f6 14. Qd3 f5 15. Be2
b6 16. gxf5 exf5 17. Bd2 Ba6 18. Qg3 Bxe2 19. Nxe2 Ne6 20. h4 g4 21. Kb1 h5 22.
Nf4 Nxd4 23. Ng6 Rh7 24. Nxe7 Rxe7 25. Bg5 Re6 26. Rxd4 Nd7 27. Qb3 Qxe5 28.
Rdd1 Nf6 29. Nd3 Qd5 30. Qxd5 Nxd5 31. Rdf1 Ne3 32. Bxe3 Rxe3 33. Rxf5 Rd8 34.
Rxh5 c5 35. Rh8+ Ke7 36. Rxd8 Kxd8 37. Rd1 Kc7 38. Nf2 Rf3 39. Nxg4 Rh3 40. Ne5
Kb7 41. c3 Rxh4 42. Rd7+ Ka6 43. Nc6 b5 44. Nxa7 Kb6 45. Nc8+ Kc6 46. Ra7 Rh8
47. Ne7+ Kb6 48. Ra3 Rh1+ 49. Kc2 Rh2+ 50. Kb3 c4+ 51. Kb4 Rxb2+ 52. Rb3 cxb3
53. axb3 Rd2 54. Nf5 Kc6 55. c4 bxc4 56. bxc4 Rb2+ 57. Kc3 Rb8 58. Ne3 Kb6 59.
Nd5+ Kc5 60. Nf4 Rc8 61. Nd3+ Kc6 1/2-1/2

[Event "OBEM 2015"]
[Site "Germany , Bremen"]
[Date "2015.04.03"]
[Round "8.45"]
[White "Brueggemann, Werner"]
[Black "Bilek, Thomas"]
[Result "1/2-1/2"]
[WhiteElo "1219"]
[BlackElo "1000"]
[PlyCount "108"]
[EventDate "2015.??.??"]

1. c4 d5 2. e3 e5 3. Nc3 Nf6 4. d4 Nc6 5. cxd5 Nxd5 6. dxe5 Bb4 7. Qc2 Nxe5 8.
Bd2 Nxc3 9. Bxc3 Bxc3+ 10. Qxc3 f6 11. Rd1 Qe7 12. f4 Nf7 13. Nf3 O-O 14. Be2
Rd8 15. Rc1 Bg4 16. O-O Bxf3 17. Bxf3 c6 18. Rfe1 Rd6 19. Qb3 Rad8 20. e4 Kh8
21. Qb4 Qc7 22. g3 Qb6+ 23. Qxb6 axb6 24. Rc2 Rd2 25. Rec1 Rxc2 26. Rxc2 c5 27.
a4 Rd7 28. Bg4 Rd4 29. Be6 Nd8 30. Bd5 f5 31. Re2 fxe4 32. Bxe4 g6 33. b3 Nc6
34. Bxc6 bxc6 35. Re8+ Kg7 36. Rb8 Rb4 37. a5 bxa5 38. Rxb4 axb4 39. Kf2 c4 40.
Ke2 cxb3 41. Kd2 c5 42. Kc1 c4 43. Kb2 Kf6 44. g4 g5 45. f5 Ke5 46. h3 h6 47.
Kc1 c3 48. Kd1 b2 49. Kc2 b3+ 50. Kb1 c2+ 51. Kxb2 Kf6 52. Kc1 Ke5 53. Kd2 Kf6
54. Kc1 Ke5 1/2-1/2

[Event "OBEM 2015"]
[Site "Germany , Bremen"]
[Date "2015.04.03"]
[Round "8.46"]
[White "Nagel, Philipp"]
[Black "Kueck, Alexander"]
[Result "0-1"]
[WhiteElo "1000"]
[BlackElo "1133"]
[PlyCount "56"]
[EventDate "2015.??.??"]

1. d4 d5 2. Nc3 e6 3. Bf4 Bb4 4. Qd2 c5 5. Nb5 Bxd2+ 6. Bxd2 Bd7 7. e3 Qb6 8.
dxc5 Qxc5 9. Nd4 e5 10. Ndf3 e4 11. Ne5 Qxc2 12. Bc1 f6 13. Nxd7 Nxd7 14. Bb5
Rd8 15. Ne2 Qc5 16. Nd4 Qb4+ 17. Bd2 Qxb2 18. Ke2 Qa3 19. Rhc1 a6 20. Rc3 Qb2
21. Rac1 axb5 22. Rc8 Qxa2 23. Ne6 Rxc8 24. Rxc8+ Kf7 25. Nd8+ Ke7 26. Ke1 Qb1+
27. Ke2 Nh6 28. f3 Rxd8 0-1

[Event "OBEM 2015"]
[Site "Germany , Bremen"]
[Date "2015.04.03"]
[Round "8.47"]
[White "Schoenfeld, Fynn"]
[Black "Mayland, Jannis"]
[Result "1-0"]
[WhiteElo "883"]
[BlackElo "822"]
[PlyCount "51"]
[EventDate "2015.??.??"]

1. d4 d5 2. Nc3 Nc6 3. Bf4 Bf5 4. a3 e6 5. e3 Bd6 6. Bxd6 Qxd6 7. Nb5 Qd7 8.
Bd3 Nge7 9. Nf3 O-O-O 10. Qd2 Bg4 11. O-O-O Bxf3 12. gxf3 e5 13. dxe5 Nxe5 14.
f4 N5c6 15. Rhe1 f5 16. Re2 Rde8 17. f3 Ng6 18. Nd4 Nxd4 19. exd4 Rxe2 20. Bxe2
Qd6 21. Qb4 Qxf4+ 22. Kb1 Qxh2 23. Bd3 Qf4 24. Re1 Ne7 25. Qxe7 Qxd4 26. Bxf5+
1-0